Un soliloquio y cinco vertederos a Sor Juana Inés de la Cruz /
Guardado en:
| Hovedforfatter: | |
|---|---|
| Format: | Ukendt |
| Sprog: | Spanish |
| Udgivet: |
San José, Costa Rica :
Editorial Universitaria Centroamericana,
1992.
|
| Fag: | |
| Tags: |
Tilføj Tag
Ingen Tags, Vær først til at tagge denne postø!
|
MARC
| LEADER | 000000000a22000000004500 | ||
|---|---|---|---|
| 001 | 003458 | ||
| 008 | 200205b xxu||||| |||| 00| 0 spa d | ||
| 020 | |a 9977301867 | ||
| 041 | 0 | |a spa | |
| 082 | 0 | 4 | |a CR861.4 |b V297u |
| 100 | 1 | |a Vargas Durán, Ricardo Ignacio | |
| 245 | 1 | 0 | |a Un soliloquio y cinco vertederos a Sor Juana Inés de la Cruz / |c Ricardo Ignacio Vargas Durán. |
| 260 | 1 | |a San José, Costa Rica : |b Editorial Universitaria Centroamericana, |c 1992. | |
| 300 | |a 50 paginas | ||
| 500 | |a La biblioteca contiene dos ejemplares | ||
| 650 | 4 | |a LITERATURA COSTARRICENSE |9 76 | |
| 650 | 4 | |a POESIA |9 159 | |
| 650 | 4 | |a LITERATURA CENTROAMERICANA |9 59 | |
| 650 | 4 | |a DE LA CRUZ, JUANA INES, SOR, 1651-1695 | |
| 942 | |c BK |2 ddc | ||
| 999 | |c 9680 |d 9680 | ||



